书目信息 |
| 题名: |
建筑电气工程安装与造价
|
|
| 作者: | 袁丽卿 , 邵兰云 编著 | |
| 分册: | ||
| 出版信息: | 北京 机械工业出版社 2019.05 |
|
| 页数: | 265页 | |
| 开本: | 26cm | |
| 丛书名: | 卓越工程能力培养与工程教育专业认证系列规划教材 | |
| 单 册: | ||
| 中图分类: | TU723.32 | |
| 科图分类: | ||
| 主题词: | 房屋建筑设备--fang wu jian zhu she bei--电气设备--建筑安装--工程造价--高等教育--教材 | |
| 电子资源: | ||
| ISBN: | 978-7-111-62069-3 | |
| 000 | 01611nam 2200301 450 | |
| 001 | 2336141470 | |
| 005 | 20230327100243.21 | |
| 010 | @a978-7-111-62069-3@dCNY43.00 | |
| 100 | @a20190613d2019 em y0chiy50 ea | |
| 101 | 0 | @achi |
| 102 | @aCN@b110000 | |
| 105 | @aak a 000yy | |
| 200 | 1 | @a建筑电气工程安装与造价@Ajian zhu dian qi gong cheng an zhuang yu zao jia@f袁丽卿, 邵兰云编著@Fyuan li qing , shao lan yun bian zhu |
| 210 | @a北京@c机械工业出版社@d2019.05 | |
| 215 | @a265页@c图@d26cm | |
| 225 | 2 | @a卓越工程能力培养与工程教育专业认证系列规划教材@Azhuo yue gong cheng neng li pei yang yu gong cheng jiao yu zhuan ye ren zheng xi lie gui hua jiao cai@i电气工程及其自动化、自动化专业 |
| 300 | @a“十三五”国家重点出版物出版规划项目 普通高等教育智能建筑规划教材 | |
| 312 | @a英文并列题名取自封面 | |
| 320 | @a有书目 (第265页) | |
| 330 | @a全书共分10章, 内容包括建筑电气工程造价基础知识、变配电工程、电缆敷设工程、配管配线工程、照明器具安装工程、防雷与接地装置工程、建筑电气工程工程量清单与计价、建筑电气工程工程量清单项目设置及工程量计算规则、建筑电气电气工程工程量清单计价案例、建筑安装工程造价软件的应用等内容。 | |
| 410 | 0 | @12001 @a卓越工程能力培养与工程教育专业认证系列规划教材@i电气工程及其自动化、自动化专业 |
| 510 | 1 | @a=Installation and budget of building electrical equipment@zeng |
| 606 | 0 | @a房屋建筑设备@Afang wu jian zhu she bei@x电气设备@x建筑安装@x工程造价@x高等教育@j教材 |
| 690 | @aTU723.32@v5 | |
| 701 | 0 | @a袁丽卿@Ayuan li qing@4编著 |
| 701 | 0 | @a邵兰云@Ashao lan yun@4编著 |
| 801 | 0 | @aCN@b河南城建学院图书馆@c20191010 |
| 905 | @b21424623-24@dTU723.32@eY895@f2 | |
| 建筑电气工程安装与造价/袁丽卿, 邵兰云编著.-北京:机械工业出版社,2019.05 |
| 265页:图;26cm.-(卓越工程能力培养与工程教育专业认证系列规划教材.电气工程及其自动化、自动化专业) |
| “十三五”国家重点出版物出版规划项目 普通高等教育智能建筑规划教材 |
| ISBN 978-7-111-62069-3:CNY43.00 |
| 全书共分10章, 内容包括建筑电气工程造价基础知识、变配电工程、电缆敷设工程、配管配线工程、照明器具安装工程、防雷与接地装置工程、建筑电气工程工程量清单与计价、建筑电气工程工程量清单项目设置及工程量计算规则、建筑电气电气工程工程量清单计价案例、建筑安装工程造价软件的应用等内容。 |
| ● |
| 相关链接 |
|
|
|
正题名:建筑电气工程安装与造价
索取号:TU723.32/Y895
 
预约/预借
| 序号 | 登录号 | 条形码 | 馆藏地/架位号 | 状态 | 备注 |
| 1 | 1504121 | 215041210 | 建筑库101/201建筑库 106排7列5层/ [索取号:TU723.32/Y895] | 在馆 |